| 000 | 01013cam a22002651a 4500 | ||
|---|---|---|---|
| 001 | agr45000259 | ||
| 003 | DLC | ||
| 005 | 20260227111003.0 | ||
| 008 | 780825s1945 dcua f000 0 eng c | ||
| 010 | _aagr45000259 | ||
| 035 | _a(OCoLC)4168799 | ||
| 040 |
_aU.S.Dept. of agr. Library _cArLUA _dDNAL _dDLC _dWaU |
||
| 050 | 0 | 0 |
_aQK61 _b.A7 |
| 070 | 0 |
_a1 _bAg84M no.568 |
|
| 082 | _a579 | ||
| 100 | 1 |
_aArcher, W. Andrew _q(William Andrew), _d1894- |
|
| 245 | 1 | 0 |
_aCollecting data and specimens for study of economic plants / _cby W. Andrew Archer. |
| 260 |
_aWashington, D.C. : _bU.S. Dept. of Agriculture, _c1945. |
||
| 300 |
_a52 p. : _bill. ; _c23 cm. |
||
| 490 | 1 |
_aMiscellaneous publication / United States Department of Agriculture ; _vno. 568 |
|
| 500 | _aCover title. | ||
| 500 | _aContribution from Office of Foreign Agricultural Relations. | ||
| 650 | 0 |
_aBotanical specimens _xCollection and preservation. |
|
| 830 | 0 |
_aMiscellaneous publication (United States. Department of Agriculture) ; _vno. 568. |
|
| 999 |
_c10388 _d10388 |
||